000 00675cam a22002533a 4500
001 32751
003 PGUSA
005 20140828083717.0
008 100609s2010||||xxu|||||s|||||000 1 eng d
040 _aPGUSA
_beng
042 _adc
050 4 _aPS
100 1 _aTaylor, Jack
245 1 4 _aThe Moralist
_h[electronic resource] /
_cJack Taylor
260 _bProject Gutenberg,
_c2010
506 _aPublic domain in the USA.
516 _aElectronic text
653 _aShort stories
653 _aScience fiction
700 1 _aWeiss, George Henry,
_d1898-1946
830 0 _aProject Gutenberg
_v32751
856 4 0 _uhttp://www.gutenberg.org/ebooks/32751
942 _cEB
999 _c262006
_d262006